Acumulación campesina en el Ecuador. Los productores de papa del Carchi
Spremljeno u:
| Glavni autor: | |
|---|---|
| Format: | Tekst |
| Izdano: |
Quito:
FLACSO
|
| Oznake: |
Dodaj oznaku
Bez oznaka, Budi prvi tko označuje ovaj zapis!
|
MARC
| LEADER | 00000 a a2200000 04500 | ||
|---|---|---|---|
| 001 | 24765 | ||
| 003 | |||
| 040 | |||
| 090 | |a 174500 | ||
| 100 | |a Barsky, Osvaldo | ||
| 245 | |a Acumulación campesina en el Ecuador. Los productores de papa del Carchi | ||
| 260 | |a Quito: |b FLACSO | ||
| 300 | |a 136 p |b **no definido** | ||
| 999 | |c 5691 |d 5691 | ||
